000
00211nam a2200085Ia 4500
008
170617s9999 xx 000 0 und d
100
_a
Kapoor- Bimla
245
0
_a
Text book of sycbiatric Nursing
260
_b
Kumar Publishing
260
_c
2008
999
_c
12785
_d
12785